|
|
|
|
| LEADER |
00000nam a22000007a 4500 |
| 005 |
20190328115514.0 |
| 007 |
cr|||| |||| |
| 008 |
190328s2017 es |||||s|||| 00||0 spa d |
| 020 |
|
|
|a 978-84-17310-01-1
|
| 035 |
|
|
|a 23167
|
| 040 |
|
|
|a vLex
|
| 090 |
|
|
|c 8513
|d 8513
|
| 100 |
1 |
|
|a Sanz Sèz, Concepcin̤
|
| 245 |
1 |
2 |
|a La proteccin̤ social de las empleadas de hogar
|h [Recurso electrn̤ico] /
|c Concepcin̤ Sanz Sèz
|
| 256 |
|
|
|a Servicio en ln̕ea
|
| 260 |
|
|
|a Albacete:
|b Editorial Bomarzo,
|c 2017
|
| 300 |
|
|
|a 1 recurso electrn̤ico
|
| 500 |
|
|
|a La desaparicin̤ definitiva del Rǧimen Especial de la Seguridad Social y su integracin̤ en el Rǧimen General como Sistema Especial: anl̀isis actual y de futuro
|
| 506 |
1 |
|
|a Disponible solo en los productos indicados
|d vLex Global
|d vLex Global (Academic Edition, excluding Law Schools)
|d vLex Global (U.S. Academic Edition, Law Schools)
|d vLex Global (U.S. Academic Edition, excluding Law Schools)
|d vLex Global (Academic Edition, Law Schools)
|
| 650 |
0 |
4 |
|a Seguridad Social
|z Espaą
|
| 740 |
0 |
|
|a vLex Libros (Servicio en ln̕ea)
|
| 856 |
4 |
0 |
|u http://vlex.com/source/proteccion-social-de-las-empleadas-de-hogar-23167
|z Acceso restringido
|
| 942 |
|
|
|c BOOK
|
| 999 |
0 |
|
|a Social Security
|